| 000 | 00602nam a22001457a 4500 | ||
|---|---|---|---|
| 005 | 20171010095508.0 | ||
| 008 | 110706t xxu||||| |||| 00| 0 eng d | ||
| 100 |
_aAntonio, Clarita I. _91886 |
||
| 245 | _aThe Nutrition program of the applied nutrition program pilot schools in the Division of Ilocos Norte: its effect on the knowledge, food preferences and food and eating habits of pupils | ||
| 260 | _c1986 | ||
| 300 |
_axii, 130 leaves _c28 cm. |
||
| 500 | _aThesis (M.A.Ed.- Adm & Supervision) -- Mariano Marcos State University, Laoag City | ||
| 500 | _aBibliography: 89-91 | ||
| 942 |
_2lcc _cTHEDIS |
||
| 999 |
_c9700 _d9700 |
||